000 00519nam a2200181Ia 4500
005 20250508152321.0
008 008 250505s9999 xx 000 0 eng d
037 _aTextual
040 _aFEDL
_beng
_cFEDL
041 _aeng
_2eng
084 _a372.2412, LEA
_qFEDL
100 _aBrown Anna Beth
_9761196
245 0 _aNursery-Kindergarten education
260 _aNew York, USA
_bMcGraw-Hill Book Company
_c1958
300 _aix,365p.
942 _cTEXL
_h372.2412, LEA
999 _c1335690
_d1335690